LEADER 00955nam 2200337 450 001 9910490746103321 005 20221010111903.0 010 $a1-83880-876-0 035 $a(CKB)4100000011987759 035 $a(NjHacI)994100000011987759 035 $a(EXLCZ)994100000011987759 100 $a20221010d2021 uy 0 101 0 $aeng 135 $aur||||||||||| 181 $ctxt$2rdacontent 182 $cc$2rdamedia 183 $acr$2rdacarrier 200 00$aCurrent Concepts in Zika Research /$fedited by Alfonso J Rodriguez-Morales 210 1$aLondon, England :$cIntechOpen,$d2021. 215 $a1 online resource (130 pages) 311 $a1-83880-875-2 606 $aResearch 615 0$aResearch. 676 $a614.5885 702 $aRodriguez-Morales$b Alfonso J 801 0$bNjHacI 801 1$bNjHacl 906 $aBOOK 912 $a9910490746103321 996 $aCurrent Concepts in Zika Research$92828436 997 $aUNINA LEADER 01021nam0 22002651i 450 001 UON00279786 005 20231205103832.108 100 $a20060711d1972 |0itac50 ba 101 $ahin 102 $aIN 105 $a|||| 1|||| 200 1 $aDhunga phakranna$eKhandakavya$fSitadevi Rajavadhya 210 $aKathmandon$cPhatte Bahadur Rajvaidhya$d1977 215 $a41 p.$d18 cm 606 $aLETTERATURA NEPALESE$3UONC009386$2FI 620 $aNP$dKathmandu$3UONL000146 686 $aSI VI IN$cSUBCONT. INDIANO - LETTERATURE INDOARIE MINORI - NEPALI$2A 700 1$aRAJAVADHYA$bSitadevi$3UONV162035$0692534 712 $aPhatte Bahadur Rajvaidhya$3UONV272149$4650 801 $aIT$bSOL$c20240220$gRICA 899 $aSIBA - SISTEMA BIBLIOTECARIO DI ATENEO$2UONSI 912 $aUON00279786 950 $aSIBA - SISTEMA BIBLIOTECARIO DI ATENEO$dSI SI VI IN 071 N $eSI SA 56740 5 071 N 996 $aDhunga phakranna$91247352 997 $aUNIOR